The Facet Analytic Approach to Reseaech and Data Processing (Record no. 607546)

MARC details
000 -LEADER
fixed length control field 01241nam a2200181 4500
008 - FIXED-LENGTH DATA ELEMENTS--GENERAL INFORMATION
fixed length control field 260107b |||||||| |||| 00| 0 eng d
020 ## - INTERNATIONAL STANDARD BOOK NUMBER
ISBN 9780820403236
Paper back/Hardbound hbk
082 ## - DEWEY DECIMAL CLASSIFICATION NUMBER
Classification number 300.72
Item number TZI
100 ## - MAIN ENTRY--AUTHOR NAME
Personal name Tziner,E.Aharon
245 ## - TITLE STATEMENT
Title The Facet Analytic Approach to Reseaech and Data Processing
260 ## - PUBLICATION, DISTRIBUTION, ETC. (IMPRINT)
Place of publication New York
Name of publisher Peter Lang Pub Inc; New edition
Year of publication 1 August 1987
300 ## - PHYSICAL DESCRIPTION
Number of Pages x139 p.
500 ## - GENERAL NOTE
General note Facet analysis is a method of applying mathematically-derived concepts to the study of social and behavioral topics. Developed in the mid-1950''s to provide researchers with the tools necessary to rigorously define whatever subject or «universe» they were exploring, facet analysis greatly facilitates the replicability of research -a primary ingredient in the accumulation of scientific knowledge.<br/>This text, intended for students of social and behavioral sciences, takes the reader through the entire facet analytical process. Throughout the text, examples are drawn from the literature in psychology, political science, and sociology. Students wishing to further expand their knowledge are provided with a comprehensive bibliography.
504 ## - BIBLIOGRAPHY, ETC. NOTE
Bibliography, etc Includes index
650 ## - SUBJECT ADDED ENTRY--TOPICAL TERM
Topical Term Aharon E.Tziner
942 ## - ADDED ENTRY ELEMENTS (KOHA)
Koha item type English Books
Holdings
Withdrawn status Lost status Damaged status Not for loan Home library Current library Shelving location Date acquired Full call number Accession Number Price effective from Koha item type
        Anna Centenary Library Anna Centenary Library 3RD FLOOR, B WING 21.09.2010 300.72 TZI 218482 07.01.2026 English Books

Find us on the map